| 000 | 00880nam a2200277 i 4500 | ||
|---|---|---|---|
| 003 | EG-GICUC | ||
| 005 | 20260216140513.0 | ||
| 008 | 260216s1958 uk ||||fr ||| 00| 0 eng d | ||
| 040 |
_aEG-GICUC _cEG-GICUC _dEG-GICUC _erda _beng |
||
| 082 | 0 | 4 |
_221 _a341.6 _bPL . L |
| 092 | 0 | 4 | _221 |
| 099 | _aLaw1 11 341.6 PL . L 1958 | ||
| 100 | 1 |
_aPlayfair,E.W _eAuthor. |
|
| 245 |
_aThe Law Of War On Land Being Part 3 Of The Manual Of Military Law / _cE.W Playfair . |
||
| 264 | 0 |
_aLondon : _bMajesty's Stationery Office , _c1958 . |
|
| 300 |
_a374 Pages; _c30 cm. |
||
| 336 |
_atext _2rda content |
||
| 337 |
_aComputer _2rda media |
||
| 338 |
_aOnline Resource _2rda carrier |
||
| 546 | _aText in English | ||
| 650 | 0 | 4 | _aPublic International Law |
| 650 | 0 | 4 | _aMilitary Law |
| 856 | _uhttps://fll.law.cu.edu.eg/fulltext/th/B11-07956.pdf | ||
| 905 | _a59 | ||
| 942 |
_2ddc _cBK _e21 _n0 |
||
| 999 |
_c63201 _d63201 |
||